000 00677nam a2200229 a 4500
999 _c2554
_d2554
001 2554
003 BD-JhCC
005 20171104180919.0
008 171104s20042012bg |||| ||a| 000 0 ben d
020 _a9844123747
035 _a(BD-JhCC)2554
040 _aBD-JhCC
_dBD-JhCC
041 _aben
082 _222
_a891.443
_bIQB 2012
100 _aইকবাল, মুহাম্মদ জাফর
245 _aক্যাম্প /
_cইকবাল, মুহাম্মদ জাফর
260 _aঢাকা :
_bঅনন্যা প্রকাশন/
_c2012
300 _a71 p. :
_c22 cm.
650 _aBengali Novel
942 _2ddc
_cBK